Storage of dairy products,

Bibliographic Details
Main Author: Allman, G. D.
Format: Book
Language:English
Published: Chicago, The American institute of agriculture [c1923]
Subjects:

MARC

Tag First Indicator Second Indicator Subfields
LEADER 00000cam a2200000 4500
001 in00000041945
005 20200831123037.0
008 800524s1923 ilu 00010 eng d
035 |a (OCoLC)06354783 
035 |9 AAE0718AM 
040 |a TXA  |c TXA 
049 |a TXAM 
092 |a 338.177  |b A439s 
100 1 |a Allman, G. D. 
245 1 0 |a Storage of dairy products,  |c by G. D. Allman; marketing dairy products, lesson 7 ... 
260 |a Chicago,  |b The American institute of agriculture  |c [c1923] 
300 |a 24 p. 
336 |a txt  |2 rdacontent 
337 |a unmediated  |b n  |2 rdamedia 
338 |a volume  |b nc  |2 rdacarrier 
500 |a Cover-title. 
650 0 |a Dairy products  |x Marketing. 
999 f f |s d1bcc75a-5833-3b61-8ecc-230cd075c8d3  |i 48f71b18-c3a5-32a3-be62-2391eef22ee0  |t 0 
952 f f |p ric  |a Texas A&M University  |b Rellis Campus  |c Joint Library Facility  |d Remote Storage  |t 0  |e 338.177 A439s  |h Dewey Decimal classification  |i unmediated -- volume  |m A14852035170 
998 f f |a 338.177 A439s  |t 0  |l Remote Storage